<?xml version="1.0" encoding="UTF-8"?>
<collection xmlns="http://www.loc.gov/MARC21/slim">
 <record>
  <leader>04963cam a2200781   4500</leader>
  <controlfield tag="001">1077135637</controlfield>
  <controlfield tag="003">DE-627</controlfield>
  <controlfield tag="005">20220805220839.0</controlfield>
  <controlfield tag="007">tu</controlfield>
  <controlfield tag="008">850101s1954    gw |||||      00| ||ger c</controlfield>
  <datafield tag="016" ind1="7" ind2=" ">
   <subfield code="a">453226442</subfield>
   <subfield code="2">DE-101</subfield>
  </datafield>
  <datafield tag="020" ind1=" " ind2=" ">
   <subfield code="c"> : 7. (brosch.)</subfield>
  </datafield>
  <datafield tag="035" ind1=" " ind2=" ">
   <subfield code="a">(DE-627)1077135637</subfield>
  </datafield>
  <datafield tag="035" ind1=" " ind2=" ">
   <subfield code="a">(DE-576)007135637</subfield>
  </datafield>
  <datafield tag="035" ind1=" " ind2=" ">
   <subfield code="a">(DE-599)BSZ007135637</subfield>
  </datafield>
  <datafield tag="035" ind1=" " ind2=" ">
   <subfield code="a">(OCoLC)602197746</subfield>
  </datafield>
  <datafield tag="035" ind1=" " ind2=" ">
   <subfield code="a">(OCoLC)310700884</subfield>
  </datafield>
  <datafield tag="035" ind1=" " ind2=" ">
   <subfield code="a">(OCoLC)602197746</subfield>
  </datafield>
  <datafield tag="040" ind1=" " ind2=" ">
   <subfield code="a">DE-627</subfield>
   <subfield code="b">ger</subfield>
   <subfield code="c">DE-627</subfield>
   <subfield code="e">rakwb</subfield>
  </datafield>
  <datafield tag="041" ind1=" " ind2=" ">
   <subfield code="a">ger</subfield>
  </datafield>
  <datafield tag="044" ind1=" " ind2=" ">
   <subfield code="c">XA-DE</subfield>
  </datafield>
  <datafield tag="084" ind1=" " ind2=" ">
   <subfield code="a">14a</subfield>
   <subfield code="2">sdnb</subfield>
  </datafield>
  <datafield tag="084" ind1=" " ind2=" ">
   <subfield code="a">NF 1310</subfield>
   <subfield code="2">rvk</subfield>
   <subfield code="0">(DE-625)rvk/125211:1213</subfield>
  </datafield>
  <datafield tag="084" ind1=" " ind2=" ">
   <subfield code="a">NF 1305</subfield>
   <subfield code="2">rvk</subfield>
   <subfield code="0">(DE-625)rvk/125211:1212</subfield>
  </datafield>
  <datafield tag="084" ind1=" " ind2=" ">
   <subfield code="a">15.19</subfield>
   <subfield code="2">bkl</subfield>
  </datafield>
  <datafield tag="084" ind1=" " ind2=" ">
   <subfield code="a">15.53</subfield>
   <subfield code="2">bkl</subfield>
  </datafield>
  <datafield tag="245" ind1="1" ind2="4">
   <subfield code="a">Die vor- und frühgeschichtliche Besiedlung des Bergischen Landes</subfield>
   <subfield code="c">vorgelegt von Arthur Marschall; Karl J. Narr und Rafael von Uslar [mit Beiträgen von Fritz Fremerdorf u. Walter Lung]</subfield>
  </datafield>
  <datafield tag="246" ind1="3" ind2="0">
   <subfield code="a">jahrhunderts spätrömischen</subfield>
  </datafield>
  <datafield tag="264" ind1=" " ind2="1">
   <subfield code="a">Neustadt an d. Aisch</subfield>
   <subfield code="b">Schmidt</subfield>
   <subfield code="c">1954</subfield>
  </datafield>
  <datafield tag="300" ind1=" " ind2=" ">
   <subfield code="a">VIII, 272 S.</subfield>
   <subfield code="e">4 Kt.</subfield>
  </datafield>
  <datafield tag="336" ind1=" " ind2=" ">
   <subfield code="a">Text</subfield>
   <subfield code="b">txt</subfield>
   <subfield code="2">rdacontent</subfield>
  </datafield>
  <datafield tag="337" ind1=" " ind2=" ">
   <subfield code="a">ohne Hilfsmittel zu benutzen</subfield>
   <subfield code="b">n</subfield>
   <subfield code="2">rdamedia</subfield>
  </datafield>
  <datafield tag="338" ind1=" " ind2=" ">
   <subfield code="a">Band</subfield>
   <subfield code="b">nc</subfield>
   <subfield code="2">rdacarrier</subfield>
  </datafield>
  <datafield tag="490" ind1="1" ind2=" ">
   <subfield code="a">Bonner Jahrbücher des Rheinischen Landesmuseums in Bonn und des Vereins von Altertumsfreunden im Rheinlande</subfield>
   <subfield code="a">Beiheft</subfield>
   <subfield code="v">3</subfield>
  </datafield>
  <datafield tag="500" ind1=" " ind2=" ">
   <subfield code="a">Auch als: Zeitschrift des Bergischen Geschichtsvereins ; 73</subfield>
  </datafield>
  <datafield tag="505" ind1="8" ind2="0">
   <subfield code="t">Die Iddelsfelder Hardt : ein Grabhügelfeld der Hallstattzeit bei Köln-Dellbrück</subfield>
   <subfield code="r">von Walter Lung</subfield>
  </datafield>
  <datafield tag="505" ind1="8" ind2="0">
   <subfield code="t">Frankengräber des 7./8. Jahrh. in Köln-Poll und Untersuchungen im spätröm. Kastell-Deutz</subfield>
   <subfield code="r">von F. Fremersdorf</subfield>
  </datafield>
  <datafield tag="689" ind1="0" ind2="0">
   <subfield code="d">g</subfield>
   <subfield code="0">(DE-588)4005659-4</subfield>
   <subfield code="0">(DE-627)106380397</subfield>
   <subfield code="0">(DE-576)208862196</subfield>
   <subfield code="a">Bergisches Land</subfield>
   <subfield code="2">gnd</subfield>
  </datafield>
  <datafield tag="689" ind1="0" ind2="1">
   <subfield code="d">s</subfield>
   <subfield code="0">(DE-588)4116495-7</subfield>
   <subfield code="0">(DE-627)105806250</subfield>
   <subfield code="0">(DE-576)209502061</subfield>
   <subfield code="a">Siedlungsgang</subfield>
   <subfield code="2">gnd</subfield>
  </datafield>
  <datafield tag="689" ind1="0" ind2="2">
   <subfield code="a">z</subfield>
   <subfield code="2">gnd</subfield>
   <subfield code="a">Vor- und Frühgeschichte</subfield>
  </datafield>
  <datafield tag="689" ind1="0" ind2="3">
   <subfield code="d">g</subfield>
   <subfield code="0">(DE-588)4211235-7</subfield>
   <subfield code="0">(DE-627)104456035</subfield>
   <subfield code="0">(DE-576)210202459</subfield>
   <subfield code="a">Rheinprovinz</subfield>
   <subfield code="2">gnd</subfield>
  </datafield>
  <datafield tag="689" ind1="0" ind2="4">
   <subfield code="d">g</subfield>
   <subfield code="0">(DE-588)4047194-9</subfield>
   <subfield code="0">(DE-627)104516828</subfield>
   <subfield code="0">(DE-576)209072652</subfield>
   <subfield code="a">Preußen</subfield>
   <subfield code="2">gnd</subfield>
  </datafield>
  <datafield tag="689" ind1="0" ind2="5">
   <subfield code="d">g</subfield>
   <subfield code="0">(DE-588)4011882-4</subfield>
   <subfield code="0">(DE-627)104704861</subfield>
   <subfield code="0">(DE-576)208896155</subfield>
   <subfield code="a">Deutschland</subfield>
   <subfield code="2">gnd</subfield>
  </datafield>
  <datafield tag="689" ind1="0" ind2=" ">
   <subfield code="5">(DE-627)</subfield>
  </datafield>
  <datafield tag="700" ind1="1" ind2=" ">
   <subfield code="a">Marschall, Arthur</subfield>
   <subfield code="e">Hrsg.</subfield>
   <subfield code="4">edt</subfield>
  </datafield>
  <datafield tag="700" ind1="1" ind2=" ">
   <subfield code="a">Narr, Karl Josef</subfield>
   <subfield code="d">1921-2009</subfield>
   <subfield code="0">(DE-588)120122782</subfield>
   <subfield code="0">(DE-627)080461212</subfield>
   <subfield code="0">(DE-576)162345615</subfield>
   <subfield code="4">oth</subfield>
  </datafield>
  <datafield tag="700" ind1="1" ind2=" ">
   <subfield code="a">Uslar, Rafael von</subfield>
   <subfield code="d">1908-2003</subfield>
   <subfield code="0">(DE-588)129492159</subfield>
   <subfield code="0">(DE-627)470197005</subfield>
   <subfield code="0">(DE-576)163384479</subfield>
   <subfield code="4">oth</subfield>
  </datafield>
  <datafield tag="700" ind1="1" ind2=" ">
   <subfield code="a">Fremersdorf, Fritz</subfield>
   <subfield code="d">1894-1983</subfield>
   <subfield code="e">Mitarb.</subfield>
   <subfield code="0">(DE-588)1012814793</subfield>
   <subfield code="0">(DE-627)662758978</subfield>
   <subfield code="0">(DE-576)161005705</subfield>
   <subfield code="4">oth</subfield>
  </datafield>
  <datafield tag="700" ind1="1" ind2=" ">
   <subfield code="a">Lung, Walter</subfield>
   <subfield code="d">1894-1985</subfield>
   <subfield code="0">(DE-588)1072484005</subfield>
   <subfield code="0">(DE-627)82759769X</subfield>
   <subfield code="0">(DE-576)286890054</subfield>
   <subfield code="4">oth</subfield>
  </datafield>
  <datafield tag="787" ind1="0" ind2="8">
   <subfield code="i">Rezension</subfield>
   <subfield code="a">Kilian, Lothar, 1911 - 2000</subfield>
   <subfield code="t">[Rezension von: Arthur Marschall, Karl J. Narr und Rafael von Uslar, Die vor- und frühgeschichtliche Besiedlung des Bergischen Landes]</subfield>
   <subfield code="d">1954</subfield>
   <subfield code="w">(DE-627)1748425137</subfield>
  </datafield>
  <datafield tag="787" ind1="0" ind2="8">
   <subfield code="i">Rezensiert in</subfield>
   <subfield code="a">Jacob-Friesen, Karl Hermann, 1886 - 1960</subfield>
   <subfield code="t">[Rezension von: A. Marschall, K.J. Narr, R. v. Uslar, Die vor- und frühgeschichtliche Besiedlung des Bergischen Landes]</subfield>
   <subfield code="d">Hildesheim : August Lax Verlagsbuchhandlung, 1955</subfield>
   <subfield code="w">(DE-627)1680089978</subfield>
  </datafield>
  <datafield tag="810" ind1="2" ind2=" ">
   <subfield code="a">Rheinisches Landesmuseum Bonn</subfield>
   <subfield code="t">Bonner Jahrbücher des Rheinischen Landesmuseums in Bonn und des Rheinischen Amtes für Bodendenkmalpflege im Landschaftsverband Rheinland und des Vereins von Altertumsfreunden im Rheinlande</subfield>
   <subfield code="p">Beihefte</subfield>
   <subfield code="v">3</subfield>
   <subfield code="9">3</subfield>
   <subfield code="w">(DE-627)129858374</subfield>
   <subfield code="w">(DE-576)015165140</subfield>
   <subfield code="w">(DE-600)282283-0</subfield>
   <subfield code="x">0067-4893</subfield>
   <subfield code="7">ns</subfield>
  </datafield>
  <datafield tag="889" ind1=" " ind2=" ">
   <subfield code="w">(DE-627)421364300</subfield>
  </datafield>
  <datafield tag="889" ind1=" " ind2=" ">
   <subfield code="w">(DE-627)17783773X</subfield>
  </datafield>
  <datafield tag="935" ind1=" " ind2=" ">
   <subfield code="i">mdedup</subfield>
  </datafield>
  <datafield tag="936" ind1="r" ind2="v">
   <subfield code="a">NF 1310</subfield>
   <subfield code="b">Kulturgeschichte und Siedlungsarchäologie</subfield>
   <subfield code="k">Geschichte</subfield>
   <subfield code="k">Ur- und Frühgeschichte / Prähistorische Archäologie</subfield>
   <subfield code="k">Allgemeine und europäische Ur- und Frühgeschichte nach Epochen</subfield>
   <subfield code="k">Zeitlich übergreifende Darstellungen</subfield>
   <subfield code="k">Europa</subfield>
   <subfield code="k">Mitteleuropa (Deutschland, Österreich, Schweiz)</subfield>
   <subfield code="k">Deutschland</subfield>
   <subfield code="k">West- und Mitteldeutschland</subfield>
   <subfield code="k">Kulturgeschichte und Siedlungsarchäologie</subfield>
   <subfield code="0">(DE-627)1270875701</subfield>
   <subfield code="0">(DE-625)rvk/125211:1213</subfield>
   <subfield code="0">(DE-576)200875701</subfield>
  </datafield>
  <datafield tag="936" ind1="r" ind2="v">
   <subfield code="a">NF 1305</subfield>
   <subfield code="b">Einzelbeiträge</subfield>
   <subfield code="k">Geschichte</subfield>
   <subfield code="k">Ur- und Frühgeschichte / Prähistorische Archäologie</subfield>
   <subfield code="k">Allgemeine und europäische Ur- und Frühgeschichte nach Epochen</subfield>
   <subfield code="k">Zeitlich übergreifende Darstellungen</subfield>
   <subfield code="k">Europa</subfield>
   <subfield code="k">Mitteleuropa (Deutschland, Österreich, Schweiz)</subfield>
   <subfield code="k">Deutschland</subfield>
   <subfield code="k">West- und Mitteldeutschland</subfield>
   <subfield code="k">Einzelbeiträge</subfield>
   <subfield code="0">(DE-627)1399013947</subfield>
   <subfield code="0">(DE-625)rvk/125211:1212</subfield>
   <subfield code="0">(DE-576)329013947</subfield>
  </datafield>
  <datafield tag="936" ind1="b" ind2="k">
   <subfield code="a">15.19</subfield>
   <subfield code="j">Vor- und Frühgeschichte</subfield>
   <subfield code="q">coli-conc RVK-&gt;BK</subfield>
   <subfield code="q">https://coli-conc.gbv.de/api/mappings/86628ea8-ce7c-4261-a534-79c6ddd79ae8</subfield>
   <subfield code="0">(DE-627)10640329X</subfield>
  </datafield>
  <datafield tag="936" ind1="b" ind2="k">
   <subfield code="a">15.53</subfield>
   <subfield code="j">Nordrhein-Westfalen</subfield>
   <subfield code="x">Geschichte</subfield>
   <subfield code="q">ARK</subfield>
   <subfield code="0">(DE-627)181571595</subfield>
  </datafield>
  <datafield tag="951" ind1=" " ind2=" ">
   <subfield code="a">BO</subfield>
  </datafield>
  <datafield tag="990" ind1=" " ind2=" ">
   <subfield code="a">Bergisches Land</subfield>
  </datafield>
  <datafield tag="990" ind1=" " ind2=" ">
   <subfield code="a">Siedlungsgang</subfield>
  </datafield>
  <datafield tag="990" ind1=" " ind2=" ">
   <subfield code="a">Vor- und Frühgeschichte</subfield>
  </datafield>
  <datafield tag="990" ind1=" " ind2=" ">
   <subfield code="a">Rheinprovinz</subfield>
  </datafield>
  <datafield tag="990" ind1=" " ind2=" ">
   <subfield code="a">Preußen</subfield>
  </datafield>
  <datafield tag="990" ind1=" " ind2=" ">
   <subfield code="a">Deutschland</subfield>
  </datafield>
  <datafield tag="991" ind1=" " ind2=" ">
   <subfield code="a">Rezensiertes Werk</subfield>
  </datafield>
  <datafield tag="999" ind1=" " ind2=" ">
   <subfield code="a">KXP-PPN1077135637</subfield>
   <subfield code="e">456354907X</subfield>
  </datafield>
 </record>
</collection>
